00174nam a2200073 a 450000500170000000800410001705000210005824500210007920140414131944.0110127s19uu xx 00 eng d aTR 414bT11 2007 aTaz's, ages 6-9.